000 01548nam a2200325 a 4500
001 BRCA_2505
005 20190320203837.0
008 241108s1857----sp-a---###---#000-0dspa-u
041 _aspa
044 _asp
084 _a145
_b.P58
_c1857
100 1 _aCervantes Saavedra, Miguel de
_d1547-1616
_9213
245 1 0 _aEl Ingenioso Hidalgo Don Quijote de la Mancha
_ccompuesto por Miguel de Cervantes Saavedra.
260 _aMadrid
_bLibreria española, el Plus ultra
_c1857
300 _a2 v.
_bil.
_c21 cm.
500 _aConenido : v 1. Primera parte. Vida y obra de Cervantes traducida de la escrita por Viardot. Dedicatoria del autor. Prólogo del autor. Versos preliminares. Texto. -- v 2. Segunda parte. Dedicatoria del autor. Prólogo del autor. Texto
500 _aEdición : Edición ilustrada con las notas de Pellicer, Clemencín y otros
500 _aEjemplar enteramente igual al LO-145. Bonita edición económica. Tela con adornos policromados Lúdovik Osterc
500 _aQM128
650 1 4 _aNovela española
_yÉpoca clásica, 1500-1700
_9215
650 1 4 _aLiteratura española
_yÉpoca clásica, 1500-1700
_9216
650 1 4 _aNovela española
_ySiglo XVII
_9217
650 1 4 _aDon Quijite (Personaje ficticia)
_eNovela
_97207
700 1 _aPellicer y Pilares, Juan Antonio
_d1738-1806
_eBiógrafo
_97208
700 1 _aViardot, Luis
_d1800-1883
_eBiógrafo
_97209
700 1 _aClemencín y Viñas, Diego
_d1785-1834
_eAnotador
_97210
740 0 _aEl Ingenioso Hidalgo Don Quijote de la Mancha
902 _aQFM
942 _2lcc
_cB
999 _c2246
_d2246